| 000 | 00785nam a2200253Ia 4500 | ||
|---|---|---|---|
| 001 | 16415 | ||
| 003 | GE_BSU | ||
| 008 | 181216s||||||||xx |||||||||||||| ||und|| | ||
| 020 | _a9780194569569 | ||
| 040 | _cGE_BSU | ||
| 080 | _a811.111+61 | ||
| 100 | _aMcCarter, Sam | ||
| 245 | _aOxford English for Careers | ||
| 245 | _bMedicine 2: Student's Book | ||
| 260 | _aOXFORD | ||
| 260 | _bOxford University Press | ||
| 260 | _c2014 | ||
| 300 | _a144 pages,ill,27cm. | ||
| 541 | _h111gel. | ||
| 653 | _aMedicine 2 teaches pre-work students to communicate accurately and effectively in English, with patients and colleagues. | ||
| 653 | _aინგლისური ენა მედიკოსებისათვის | ||
| 653 | _aმედიცინა | ||
| 942 | _cBK | ||
| 999 |
_c49491 _d49491 |
||